Directory of Canadian map collections = Repertoire des collections canadiennes des cartes /

Bibliographic Details
Main Author: Dubreuil, Lorraine
Format: Book
Language:English
French
Published: Ottawa, Ont. : Association of Canadian Map Libraries, 1986.
Edition:5th ed.
Subjects:

MARC

Tag First Indicator Second Indicator Subfields
LEADER 00000cam a2200000 a 4500
001 in00000033080
005 20151007055118.0
008 870506s1986 onc r 00110 eng d
035 |a (OCoLC)15639960 
035 |9 AAB7292AM 
040 |a MEU  |c MEU  |d m/c  |d OCL  |d TXA  |d UtOrBLW 
041 0 |a eng  |a fre 
043 |a n-cn--- 
049 |a TXAC  |c [A11073851] 
050 4 |a GA193.C3  |b W5 1986 
100 1 |a Dubreuil, Lorraine. 
245 1 0 |a Directory of Canadian map collections =  |b Repertoire des collections canadiennes des cartes /  |c by Lorraine Dubreuil. 
246 3 1 |a Repertoire des collections canadiennes des cartes  
250 |a 5th ed. 
255 |a Scale not given. 
264 1 |a Ottawa, Ont. :  |b Association of Canadian Map Libraries,  |c 1986. 
300 |a 1 atlas (vii, 163 pages) ;  |c 23 cm. 
336 |a text  |b txt  |2 rdacontent 
337 |a unmediated  |b n  |2 rdamedia 
338 |a volume  |b nc  |2 rdacarrier 
500 |a English and French. 
500 |a Includes indexes. 
650 0 |a Map collections  |z Canada  |x Directories. 
740 0 |a Répertoire des collections canadiennes des cartes. 
740 0 |a Canadian map collections. 
740 0 |a Collections des cartes canadiennes. 
999 |a MARS 
999 f f |s 6ddda6f5-baca-3894-a8bd-56f94ec6a13f  |i 10ba8a0d-1863-3eb2-84e6-a61b4a952e6a  |t 0 
952 f f |p noncirc  |a Texas A&M University  |b College Station  |c Sterling C. Evans Library  |d Evans: Maps (2nd floor)  |t 0  |e GA193.C3 W5 1986  |h Library of Congress classification  |i unmediated -- volume  |m A14811073851 
998 f f |a GA193.C3 W5 1986  |t 0  |l Evans: Maps (2nd floor)